000 00640nam a2200205Ia 4500
005 20241129110221.0
008 241129s9999||||xx |||||||||||||| ||und||
037 _aTB
040 _aARTS
_bpun
_cARTS
041 _apun
_2pun
084 _aO153,3NVIx R4
_qARTS
100 _aਵਿਪਨ ਕੁਮਾਰ, ਚ।
245 0 _aਟੋਆ
_cਵਿਪਨ ਕੁਮਾਰ, ਚ।
260 _aਪਟਿਆਲਾ, ਭਾਰਤ
_bਪਟਿਆਲਾ ਆੱਟਮ ਆਰਟ
_c2023
300 _a74ਪ੍ਰ0
365 _aINR
_b145
650 _aPunjabi Fiction
_9179734
942 _cTB
_hO153,3NVIx R4
999 _c1227759
_d1227759